000
00326 a2200157 4500
001
61294
020
_a
8587742280
040
_c
Anchieta - Pituba
100
_a
Dupuis-Labbé, Dominique
240
1
0
_a
Picasso na Oca
_l
por
245
1
0
_a
Picasso na Oca
300
_a
377
362
0
_a
2004
650
4
_a
Pintura
942
_c
BK
999
_c
61294
_d
61294